LEADER 01283nam2-22002651i-450 001 990003169650403321 005 20190429140007.0 035 $a000316965 100 $a20030910d1991----km-y0itay50------ba 101 0 $aita 102 $aIT 200 1 $aProgrammi operativi multiregionali$emetanizzazione delle regioni dell'obiettivo 1 - Reg. CEE n. 2052-66$fpresentato alla Commissione delle Comunità europee dal Ministro per gli interventi straordinari nel Mezzogiorno$gpredisposto dal Ministro per gli interventi straordinari nel Mezzogiorno in concertazione con il Ministro dell'industria, commercio e artigianato 210 $aRoma$cFormez$d1991 215 $a224 p.$d30 cm 225 1 $aQuaderni di Europa e Mezzogiorno$v5 461 0$1001000300264$12001$a<>riforma dei fondi strutturali delle Comunità europee$fUfficio documentazione, studi e programmazione in collaborazione con la Commissione delle comunità europee, Ufficio per l'Italia 710 02$aFormez$0424425 712 01$aItalia.$bMinistero per gli interventi straordinari nel Mezzogiorno 801 0$aIT$bUNINA$gRICA$2UNIMARC 901 $aBK 912 $a990003169650403321 952 $aH/2.2212 PRO$bs.n.190$fSES 959 $aSES 996 $aProgrammi operativi multiregionali$9457516 997 $aUNINA